Statistics for English to Spanish Translations #1

Click here to take the quiz!

General Stats

  • This quiz has been taken 44 times
  • The average score is 8 of 15

Answer Stats

EnglishSpanish% Correct
Spanishespañol
97%
blueazul
95%
applemanzana
82%
mouthboca
64%
songcanción
59%
countriespaíses
56%
to diemorir
51%
you all (formal)ustedes
46%
untilhasta
38%
potatopapa
38%
nobodynadie
33%
wallsparedes
31%
to annoymolestar
28%
roostergallo
21%
LatviaLetonia
15%

Score Distribution

Percentile by Number Answered

Percent of People with Each Score

Your Score History

You have not taken this quiz